Normal view MARC view
  • The russo-japanese war ; reports from officers attached to the japanese forces in the field

Entry Topical Term

Number of records used in: 1

001 - CONTROL NUMBER

  • control field: 109680

003 - CONTROL NUMBER IDENTIFIER

  • control field: NUST

005 - DATE AND TIME OF LATEST TRANSACTION

  • control field: 20230301130344.0

008 - FIXED-LENGTH DATA ELEMENTS

  • fixed length control field: 230301|| aca||aabn | a|a d

040 ## - CATALOGING SOURCE

  • Original cataloging agency: NUST
  • Transcribing agency: NUST

150 ## - HEADING--TOPICAL TERM

  • Topical term or geographic name entry element: The russo-japanese war ; reports from officers attached to the japanese forces in the field

670 ## - SOURCE DATA FOUND

  • Source citation: Work cat.: (NUST)185745: J.M. Grierson 109679, The russo-japanese war ;, 1905
© 2023 Central Library, National University of Sciences and Technology. All Rights Reserved.